| 000 | 00467cam a2200181ua 4500 | ||
|---|---|---|---|
| 001 | 1831 | ||
| 008 | 110811n ii |||gr||||Z||||||asm | ||
| 040 | _cMAIN | ||
| 082 | _a370.54 | ||
| 100 | _aBaruah, Jatin., | ||
| 245 | 1 | 1 |
_aBharatar siksha itihasar adhyayan. _cBy Jatin Baruah. |
| 250 | _a1st. | ||
| 260 |
_aGowahati: _bLawers book stall.,999. |
||
| 300 |
_a518 p.: _c23 cm. |
||
| 653 | _aEducation. | ||
| 653 | _aBharatar siksha itihasar adhyayan. | ||
| 942 | _cBK | ||
| 999 |
_c1714 _d1714 |
||